000 00380nam a22001337a 4500
005 20140219143154.0
008 140219b xxu||||| |||| 00| 0 eng d
050 _aSPC DT1734.
_bG796
100 _aGreen, Lawrence G.
_98780
245 _aTo the river's end
_cGreen, Lawrence G.
260 _aCape Town
_bHoward Timmins
_c1948
300 _a208p.;
_c22cm.
942 _2lcc
_cMONOGRAPH
999 _c120102
_d120102